Portugal's most populated municipalities - Statistics

General Stats
  • This quiz has been taken 43 times
  • The average score is 14 of 24
Answer Stats
Hint Answer % Correct
545796 Lisboa
100%
231800 Porto
97%
193324 Braga
91%
140816 Coimbra
82%
123496 Setúbal
82%
303824 Vila Nova de Gaia
79%
385606 Sintra
76%
214124 Cascais
71%
156830 Guimarães
71%
171454 Amadora
68%
171658 Oeiras
65%
177238 Almada
62%
148034 Odivelas
59%
128603 Leiria
56%
166507 Seixal
53%
201590 Loures
50%
105782 Funchal
47%
172557 Matosinhos
41%
137529 Vila Franca de Xira
38%
133534 Vila Nova de Famalicão
38%
134977 Maia
29%
164257 Gondomar
26%
136674 Santa Maria da Feira
24%
116752 Barcelos
21%
No matching quizzes found
Score Distribution
Percent of People with Each Score
Percentile by Number Answered
Your Score History
You have not taken this quiz